| 000 | 00863nam a2200241 a 4500 | ||
|---|---|---|---|
| 999 |
_c11980 _d11980 |
||
| 001 | 11980 | ||
| 003 | BD-JhCC | ||
| 005 | 20210301114849.0 | ||
| 008 | 201128t2016 bg |||| ||a| 001 0 ben d | ||
| 020 | _a9789849191872 | ||
| 035 | _a(BD-JhCC) 11980 | ||
| 040 |
_aBD-JhCC _dBD-JhCC |
||
| 041 | _abengali | ||
| 082 |
_a813 _bJAC 2016 |
||
| 100 | _aজাক, ক্রিশ্চিয়ান | ||
| 245 |
_aরামেসিসঃ _bসান অফ লাইট / _cক্রিশ্চিয়ান জাক, অনুঃ মোঃ ফুয়াদ আল ফিদাহ । |
||
| 260 |
_aঢাকাঃ _bআদি; _c২০১৬. |
||
| 300 |
_a২৯৪ পৃ. : _bচত্রিত ; _c২২ সেমি. |
||
| 650 |
_aCivilization _vBangladesh |
||
| 700 | _aফিদাহ,ফুয়াদ আল | ||
| 942 |
_2ddc _cBK |
||